[Event "POL-ChT3"]
[Site "Lazy POL"]
[Date "2012.09.08"]
[Round "8"]
[White "Wieczorek, Zbigniew"]
[Black "Gluszko, Tomasz"]
[Result "1-0"]
[WhiteElo "2307"]
[BlackElo "2169"]
[EventDate "2012.09.01"]

1.e4 c5 2.Nf3 e6 3.d3 Nc6 4.g3 Nf6 5.Bg2 d5 6.Nbd2 Be7 7.O-O O-O 8.e5 Nd7 
9.Re1 b5 10.Nf1 Nb6 11.h4 f6 12.exf6 gxf6 13.Bh6 Rf7 14.d4 cxd4 15.Nxd4 
Nxd4 16.Qxd4 e5 17.Qd3 Be6 18.Qxb5 Rc8 19.Qe2 Bd6 20.c3 a5 21.Be3 Bc5 22.
Bxc5 Rxc5 23.f4 e4 24.Ne3 f5 25.Red1 a4 26.a3 Qf6 27.Qf2 Rb5 28.Bf1 Rb3 
29.Rd4 Rg7 30.Kh2 Qg6 31.Rb1 Rc7 32.Rbd1 Qf7 33.R1d2 Nd7 34.Rxa4 Nf6 35.
Be2 Rb8 36.Rad4 Kh8 37.Rb4 Rg8 38.Rd1 Rg6 39.Rb8+ Kg7 40.Qe1 Kh6 41.Qd2 d4
42.Qxd4 Rxg3 43.Kxg3 Qg6+ 44.Kf2 Rg7 45.Nf1 Nd5 46.Qe5 Ne3 47.Kxe3 Qg1+ 
48.Kd2 1-0

[Event "POL-ChT3"]
[Site "Lazy POL"]
[Date "2012.09.08"]
[Round "8"]
[White "Gorol, Magdalena"]
[Black "Cherednichenko, Elena"]
[Result "0-1"]
[WhiteElo "1807"]
[BlackElo "2160"]
[EventDate "2012.09.01"]

1.d4 Nf6 2.Nf3 e6 3.Bf4 c5 4.c3 Qb6 5.Qc2 cxd4 6.Nxd4 Nc6 7.e3 Nh5 8.Bg3 
Nxg3 9.hxg3 g6 10.Nd2 d5 11.N2f3 Bg7 12.Ng5 Nxd4 13.exd4 h6 14.Nf3 Qc7 15.
Bd3 O-O 16.Qd2 Qe7 17.O-O Bd7 18.Rfe1 Rfc8 19.Ne5 Be8 20.Re2 a5 21.Rae1 
Kh7 22.Qf4 Qf6 23.Qg4 Qg5 24.Qh3 b5 25.f4 Qd8 26.Qg4 f5 27.Qh3 b4 28.cxb4 
axb4 29.Nf3 Kg8 30.Rxe6 Bf7 31.R6e2 Rxa2 32.Ne5 Qb6 33.g4 Qxd4+ 34.Kh1 
Rxb2 35.Nxf7 Rxe2 36.Nxh6+ Bxh6 37.Bxe2 Qf2 38.Qxh6 Qxe1+ 39.Kh2 Rc6 40.
Bb5 Rb6 41.Qg5 Rd6 42.gxf5 Qe4 43.fxg6 Qxg6 44.Qe5 Qf6 45.Qe3 Re6 46.Qd2 
Qh4+ 47.Kg1 Qe1+ 48.Qxe1 Rxe1+ 49.Kf2 Rc1 50.Ba4 Rc3 51.Ke2 b3 52.Kd2 b2 
53.Bc2 Rg3 54.Bf5 Kf7 55.Kc2 Rxg2+ 56.Kb1 Rf2 57.Bc2 d4 58.f5 Kf6 59.Be4 
Ke5 60.Bc2 Rd2 61.Bb3 Kxf5 62.Bc2+ Ke5 63.Bb3 d3 64.Ba4 Kd4 65.Bb5 Kc3 0-1

[Event "POL-ChT3"]
[Site "Lazy POL"]
[Date "2012.09.08"]
[Round "8"]
[White "Ciesla, Adam"]
[Black "Weichhold, Pawel"]
[Result "0-1"]
[WhiteElo "2336"]
[BlackElo "2374"]
[EventDate "2012.09.01"]

1.e4 c5 2.Nc3 Nc6 3.Nf3 g6 4.d4 cxd4 5.Nxd4 Bg7 6.Be3 Nf6 7.Bc4 O-O 8.Bb3 
d6 9.f3 Bd7 10.Qd2 Rc8 11.h4 h5 12.O-O-O Ne5 13.Kb1 Rc5 14.Bg5 b5 15.Rhe1 
b4 16.Nd5 Nxd5 17.exd5 Re8 18.f4 Nc4 19.Qd3 Nxb2 20.Kxb2 a5 21.c4 bxc3+ 
22.Kc2 a4 23.Bc4 Qc7 24.Nc6 Bf5 25.Re4 f6 26.Qe2 Rxc4 27.Qxc4 fxg5 28.Rb1 
gxf4 29.Qxa4 Kh7 30.Kd1 Ra8 31.Qc2 Bxe4 32.Qxe4 Rxa2 33.Ke1 c2 34.Rc1 Qb6 
35.Nxe7 Qe3+ 36.Qxe3 fxe3 37.Ke2 Bd4 38.Kd3 Bc5 39.Rxc2 Rxc2 40.Kxc2 Kg7 
41.Kd3 Kf6 42.Nc6 Bb6 43.Ke2 g5 44.Nb8 Ba7 45.Nc6 Bb6 46.Nb8 Kf5 47.hxg5 
Kxg5 48.Kf3 Kf5 49.Nc6 Bc5 50.Nd8 Bb6 51.Ne6 h4 52.Nf4 Bd8 53.g3 Bg5 54.
g4+ Kf6 55.Nd3 Bh6 56.Kg2 Kg6 57.Kf3 h3 58.Nc1 h2 59.Kg2 Bf4 60.Nd3 Kg5 
61.Nc1 Kxg4 62.Nd3 Kf5 63.Nc1 Ke4 64.Ne2 Be5 65.Kh1 Kd3 66.Nc1+ Kc2 0-1

[Event "POL-ChT3"]
[Site "Lazy POL"]
[Date "2012.09.08"]
[Round "8"]
[White "Kulon, Klaudia"]
[Black "Klekowski, Maciej"]
[Result "1/2-1/2"]
[WhiteElo "2264"]
[BlackElo "2332"]
[EventDate "2012.09.01"]

1.c4 c5 2.Nf3 Nf6 3.Nc3 g6 4.d4 cxd4 5.Nxd4 Bg7 6.e4 Nc6 7.Nc2 O-O 8.f3 d6
9.Be3 Be6 10.Qd2 Rc8 11.Rc1 Qa5 12.Be2 Rfe8 13.O-O a6 14.Rfd1 Nd7 15.b4 
Nxb4 16.Nd4 Bxd4 17.Bxd4 Nc6 18.Be3 Nce5 19.Nd5 Qxd2 20.Bxd2 Bxd5 21.cxd5 
Rxc1 22.Rxc1 Nc5 23.f4 Nxe4 24.fxe5 Nxd2 25.Rc7 b5 26.Ra7 dxe5 27.Rxa6 Rb8
28.d6 exd6 29.Rxd6 Ne4 30.Rd5 Rc8 31.Bxb5 Rc1+ 32.Bf1 Ra1 33.a4 f6 34.a5 
Nc3 35.Rd8+ Kf7 36.a6 Ke7 37.Rh8 Ke6 38.Kf2 e4 39.Ke3 Ke5 40.Re8+ Kf5 41.
Bc4 Ra4 42.Kd2 Nb1+ 43.Ke3 Na3 44.Bb3 Rxa6 45.Rxe4 Rb6 46.Ba4 Kg5 47.h4+ 
Kh6 48.g3 Nb1 49.Bc2 Nc3 50.Rc4 Re6+ 51.Kf3 Nd5 52.Rd4 Re3+ 53.Kf2 Re5 54.
Be4 Ne7 55.g4 Kg7 56.Kf3 h5 57.gxh5 Rxh5 58.Rd7 Kf8 59.Kg3 Re5 60.Kf4 Ra5 
61.Bc2 Rb5 62.Rd4 Rc5 63.Be4 Kf7 64.Ra4 Rh5 65.Kg3 Re5 66.Kf4 Kg7 67.Ra7 
Kf7 68.Rb7 Kf8 69.Rb8+ Kg7 70.Rb7 Re6 71.Ra7 Kh6 72.Rb7 Kh5 73.Rb8 Kh6 74.
Rh8+ Kg7 75.Rb8 f5 76.Bf3 Re1 77.h5 gxh5 78.Bxh5 Rf1+ 79.Kg5 Rg1+ 80.Kf4 
Rf1+ 81.Kg5 Rg1+ 82.Kf4 Rh1 83.Kg5 Re1 84.Rb7 Re5 85.Kf4 Re6 1/2-1/2

[Event "POL-ChT3"]
[Site "Lazy POL"]
[Date "2012.09.08"]
[Round "8"]
[White "Flis, Jacek"]
[Black "Adamowicz, Maciej"]
[Result "1-0"]
[WhiteElo "2256"]
[BlackElo "1985"]
[EventDate "2012.09.01"]

1.Nf3 c5 2.g3 g6 3.Bg2 Bg7 4.O-O Nc6 5.d3 Nf6 6.c3 O-O 7.e4 d6 8.Nbd2 Nd7 
9.Ne1 Rb8 10.f4 Qc7 11.Nc4 b5 12.Ne3 b4 13.Bd2 bxc3 14.bxc3 e6 15.g4 Ne7 
16.f5 h6 17.Rc1 Bb7 18.Qe2 d5 19.exd5 exd5 20.fxg6 fxg6 21.Rxf8+ Nxf8 22.
Rb1 Kh7 23.Nf1 Qd7 24.Nf3 Nc6 25.Qf2 Ne6 26.Ng3 Rf8 27.Qe2 Nf4 28.Bxf4 
Rxf4 29.Qe3 Ra4 30.Qxc5 Rxa2 31.d4 Ra5 32.Rb5 Ra1+ 33.Kf2 Ra2+ 34.Kg1 Ra1+
35.Kf2 Ra2+ 36.Kg1 Qe6 37.Rxb7 Qe3+ 38.Kh1 Qf2 39.Ne1 Qxe1+ 40.Nf1 Rf2 41.
Kg1 Rc2 42.Qf8 Rxg2+ 43.Kxg2 Qe2+ 44.Kh3 1-0

[Event "POL-ChT3"]
[Site "Lazy POL"]
[Date "2012.09.08"]
[Round "8"]
[White "Kamieniecki, Tomasz"]
[Black "Denderski, Piotr"]
[Result "0-1"]
[WhiteElo "1992"]
[BlackElo "2240"]
[EventDate "2012.09.01"]

1.d4 Nf6 2.c4 g6 3.Nc3 Bg7 4.e4 d6 5.f3 O-O 6.Be3 Nbd7 7.Qd2 c5 8.Nge2 a6 
9.d5 Ne5 10.Ng3 h5 11.Be2 b5 12.cxb5 h4 13.Nf1 axb5 14.Bg5 h3 15.g4 b4 16.
Nd1 c4 17.Ng3 Qa5 18.O-O Ba6 19.Nf2 c3 20.Qc2 Bxe2 21.Qxe2 cxb2 22.Rab1 
Qxa2 23.f4 Nc4 24.Nd3 Qa7+ 25.Kh1 Ne3 26.Bxf6 Nxf1 27.Bxg7 Nxg3+ 28.hxg3 
Kxg7 29.Qxb2+ f6 30.Re1 Qa2 31.Re2 Qc4 32.Nc1 Rfc8 33.Nb3 Ra3 34.Nd4 Rxg3 
35.g5 Qc1+ 36.Qxc1 Rxc1+ 37.Kh2 Rg2+ 0-1

[Event "POL-ChT3"]
[Site "Lazy POL"]
[Date "2012.09.08"]
[Round "8"]
[White "Paszewski, Mateusz"]
[Black "Malaczek, Mateusz"]
[Result "0-1"]
[WhiteElo "2063"]
[BlackElo "1816"]
[EventDate "2012.09.01"]

1.Nf3 c5 2.c4 Nf6 3.Nc3 g6 4.g3 Bg7 5.Bg2 O-O 6.O-O Nc6 7.d4 cxd4 8.Nxd4 
Nxd4 9.Qxd4 d6 10.Qd2 a5 11.Rd1 Nd7 12.Qe1 a4 13.Be3 Qa5 14.Rac1 Nc5 15.
Nd5 Qxe1+ 16.Rxe1 e6 17.Ne7+ Kh8 18.Nxc8 Rfxc8 19.Rc2 Ra6 20.Rd1 Rb6 21.
Rdd2 Kg8 22.h4 Kf8 23.Kf1 Ke7 24.Ke1 Rb4 25.Bf4 e5 26.Be3 Ne6 27.Bd5 Nd4 
28.Bxd4 exd4 29.Kd1 Rc5 30.a3 Rb3 31.Rd3 b5 32.Kd2 Bf6 33.f4 h6 34.Rxb3 
axb3 35.Rc1 g5 36.fxg5 hxg5 37.h5 g4 38.Kd3 bxc4+ 39.Ke4 Rxd5 40.Kxd5 c3 
41.h6 c2 42.h7 d3 43.exd3 Bxb2 44.Kc4 Bxc1 45.h8=Q Bg5 46.Qd4 c1=Q+ 47.
Kxb3 Qd1+ 48.Kb4 Bd2+ 49.Kb5 Qb3+ 50.Ka6 Qxa3+ 51.Kb5 Qa5+ 52.Kc6 Qc3+ 0-1

[Event "POL-ChT3"]
[Site "Lazy POL"]
[Date "2012.09.08"]
[Round "8"]
[White "Adamowicz, Katarzyna"]
[Black "Warakomska, Anna"]
[Result "1/2-1/2"]
[WhiteElo "2109"]
[BlackElo "2136"]
[EventDate "2012.09.01"]

1.e4 e5 2.Nf3 Nc6 3.Bb5 a6 4.Ba4 Nf6 5.O-O Be7 6.Re1 b5 7.Bb3 d6 8.c3 O-O 
9.a4 b4 10.h3 Rb8 11.d4 bxc3 12.bxc3 exd4 13.cxd4 d5 14.Ne5 Na5 15.Bc2 
dxe4 16.Bg5 Bb7 17.Nc3 c5 18.dxc5 Qc7 19.Bf4 Rbd8 20.Qe2 Qxc5 21.Nxe4 Bxe4
22.Bxe4 Nxe4 23.Qxe4 Rd4 24.Qf3 Bf6 25.Rac1 Qb4 26.Bg3 Qxa4 27.Rc7 Nc4 28.
Nc6 Nd2 29.Qe2 Rd5 30.Qe8 Qa3 31.Rd7 Ne4 32.Ne7+ Bxe7 33.Qxe7 Qxe7 34.Rxe7
Nxg3 35.fxg3 g6 36.Ra7 a5 37.Ra1 Rc8 38.R7xa5 Rd3 39.g4 Rc2 40.R5a2 Rxa2 
41.Rxa2 Kg7 1/2-1/2

[Event "POL-ChT3"]
[Site "Lazy POL"]
[Date "2012.09.08"]
[Round "8"]
[White "Sopur, Lech"]
[Black "Najbar, Marcin"]
[Result "0-1"]
[WhiteElo "2423"]
[BlackElo "2199"]
[EventDate "2012.09.01"]
[PlyCount "120"]

1.d4 c5 2.d5 d6 3.Nf3 g6 4.e4 Nf6 5.Nc3 Bg7 6.Be2 O-O 7.O-O Na6 8.Bf4 Nc7 
9.a4 a6 10.h3 Bd7 11.e5 Nfe8 12.a5 dxe5 13.Nxe5 Nd6 14.Bf3 Bb5 15.Re1 Re8 
16.g4 Nc4 17.b3 Nd6 18.Qd2 c4 19.b4 f6 20.Bg2 fxe5 21.Bxe5 Bxe5 22.Rxe5 
Rf8 23.Rae1 Rf7 24.Qg5 Qf8 25.Rxe7 Re8 26.Rxe8 Ncxe8 27.Qe3 Bd7 28.Re2 Qg7
29.Qd2 Qf6 30.Nd1 Qf4 31.Qe1 Qc1 32.Bf1 Nf6 33.c3 Nfe4 34.Bg2 Ng5 35.Qd2 
Qxd2 36.Rxd2 Nf3+ 37.Bxf3 Rxf3 38.Kg2 Rf8 39.Rd4 Re8 40.Kf1 Ba4 41.Ne3 Re4
42.Rd2 Rf4 43.Ke1 Rf3 44.Rd4 Rxh3 45.g5 Rh1+ 46.Ke2 Rg1 47.f4 Rg3 48.Kf2 
Rxe3 49.Kxe3 Nf5+ 50.Ke4 Nxd4 51.Kxd4 Bb5 52.Ke5 Kf7 53.Kd6 Ke8 54.Ke6 Kd8
55.Kd6 Ke8 56.Ke6 Bd7+ 57.Kd6 Ba4 58.Kc5 Bb5 59.Kd6 Kd8 60.Ke6 Kc7 0-1

[Event "POL-ChT3"]
[Site "Lazy POL"]
[Date "2012.09.08"]
[Round "8"]
[White "Krzywda, Andrzej"]
[Black "Walkusz, Witoslaw"]
[Result "1/2-1/2"]
[WhiteElo "2153"]
[BlackElo "2126"]
[EventDate "2012.09.01"]
[PlyCount "87"]

1.e4 e5 2.Nf3 Nc6 3.Bb5 a6 4.Ba4 Nf6 5.O-O Be7 6.Re1 b5 7.Bb3 d6 8.c3 O-O 
9.h3 Na5 10.Bc2 d5 11.d4 dxe4 12.Nxe5 c5 13.dxc5 Qc7 14.Bf4 Rd8 15.Qe2 
Bxc5 16.Nd2 e3 17.fxe3 Bb7 18.Ndf3 Nd5 19.Kh1 f6 20.Nd3 Nxf4 21.exf4 Re8 
22.Qxe8+ Rxe8 23.Rxe8+ Kf7 24.Rae1 Bxf3 25.gxf3 Bd6 26.Kg2 Nc4 27.Bb3 Qd7 
28.R8e4 Qf5 29.Nf2 Bxf4 30.Bxc4+ bxc4 31.Rxc4 Qg5+ 32.Kf1 Qg3 33.Ree4 g5 
34.Ke2 Qg2 35.Rxf4 gxf4 36.Rxf4 Qg5 37.Rb4 Qe5+ 38.Kf1 Qd5 39.Kg2 f5 40.a3
a5 41.Rd4 Qb3 42.Nd3 Ke7 43.Kg3 Qb8+ 44.Kg2 1/2-1/2

[Event "POL-ChT3"]
[Site "Lazy POL"]
[Date "2012.09.08"]
[Round "8"]
[White "Kanarkiewicz, Michal"]
[Black "Malecki, Rafal"]
[Result "0-1"]
[WhiteElo "2096"]
[BlackElo "2094"]
[EventDate "2012.09.01"]
[PlyCount "80"]

1.e4 d6 2.d4 Nc6 3.Nf3 Nf6 4.Nc3 g6 5.Bb5 a6 6.Bxc6+ bxc6 7.e5 Nd7 8.Qe2 
Bg7 9.h4 c5 10.e6 fxe6 11.Ng5 Nf6 12.dxc5 e5 13.cxd6 exd6 14.h5 gxh5 15.
Nce4 Bf5 16.Nxf6+ Qxf6 17.Qc4 Kd7 18.Rxh5 Qg6 19.g4 Bxc2 20.Rh3 c6 21.Rc3 
d5 22.Qe2 Ba4 23.Bd2 h6 24.Nh3 Bb5 25.Qd1 Qe4+ 26.Be3 Qh1+ 27.Kd2 Qxd1+ 
28.Rxd1 d4 29.Rc5 dxe3+ 30.Kxe3+ Kc7 31.b3 Rhd8 32.Rcc1 Rxd1 33.Rxd1 Rd8 
34.Rxd8 Kxd8 35.f4 Ke7 36.a4 Bf1 37.Ng1 exf4+ 38.Kxf4 Ke6 39.Nf3 Be2 40.
Nd2 Be5+ 0-1

[Event "POL-ChT3"]
[Site "Lazy POL"]
[Date "2012.09.08"]
[Round "8"]
[White "Zgadzaj, Rafal"]
[Black "Zdrojewski, Wojciech"]
[Result "1/2-1/2"]
[WhiteElo "2153"]
[BlackElo "2166"]
[EventDate "2012.09.01"]
[PlyCount "84"]

1.Nf3 d5 2.d4 c6 3.g3 e6 4.Bg2 f5 5.O-O Nf6 6.c4 Bd6 7.Nbd2 O-O 8.b3 Bd7 
9.Bb2 Be8 10.Ne5 Nbd7 11.Ndf3 Bh5 12.Nxd7 Nxd7 13.Rc1 f4 14.Ne5 Nxe5 15.
dxe5 Be7 16.Bh3 Qd7 17.cxd5 cxd5 18.Qd2 g5 19.a4 g4 20.Bg2 Bg5 21.gxf4 
Bxf4 22.e3 Bg5 23.Qd4 Qf7 24.Ba3 Rfd8 25.Rc3 b6 26.Bd6 Rac8 27.Rfc1 Rxc3 
28.Rxc3 Bh4 29.Qd2 Bg6 30.Rc1 h5 31.b4 Bg5 32.Qe2 Qh7 33.b5 Bd3 34.Qd1 Rd7
35.Rc3 Be4 36.Bxe4 Qxe4 37.Qc2 Qxc2 38.Rxc2 Be7 39.Rc7 Rxc7 40.Bxc7 Bb4 
41.Bb8 Kf7 42.Bxa7 Ba5 1/2-1/2

[Event "POL-ChT3"]
[Site "Lazy POL"]
[Date "2012.09.08"]
[Round "8"]
[White "Lewandowski, Miroslaw"]
[Black "Sztwiertnia, Jan Krzysztof"]
[Result "1-0"]
[WhiteElo "2042"]
[BlackElo "2073"]
[EventDate "2012.09.01"]
[PlyCount "67"]

1.e4 Nf6 2.e5 Nd5 3.Nc3 Nxc3 4.dxc3 d6 5.Bc4 Nc6 6.Nf3 Bf5 7.Qe2 e6 8.Bf4 
Be7 9.O-O-O O-O 10.h3 d5 11.Rh2 Qb8 12.Bd3 Bxd3 13.Qxd3 Na5 14.h4 c5 15.
Ng5 g6 16.Qg3 Nc6 17.h5 Bxg5 18.Qxg5 f6 19.exf6 Qd8 20.f7+ Rxf7 21.hxg6 
Rf5 22.Qh6 Qe7 23.g4 Rff8 24.Bd6 Qg7 25.Bxf8 Rxf8 26.gxh7+ Kh8 27.Qxe6 
Qg5+ 28.Kb1 d4 29.Rh5 Qg7 30.Rxc5 dxc3 31.bxc3 Qc7 32.Rf5 Qb6+ 33.Kc1 Rxf5
34.Qg8# 1-0

[Event "POL-ChT3"]
[Site "Lazy POL"]
[Date "2012.09.08"]
[Round "8"]
[White "Hermanowicz, Dominika"]
[Black "Maszota, Natalia"]
[Result "1/2-1/2"]
[WhiteElo "2076"]
[BlackElo "2116"]
[EventDate "2012.09.01"]
[PlyCount "81"]

1.e4 d6 2.d4 g6 3.Nf3 Bg7 4.Nc3 c6 5.a4 Nd7 6.Be2 Qc7 7.O-O Ngf6 8.h3 O-O 
9.Be3 Re8 10.Qd2 a6 11.a5 b6 12.axb6 Nxb6 13.Bd3 Bb7 14.Qe2 a5 15.Nd2 Nfd7
16.f4 c5 17.dxc5 Nxc5 18.Ra3 Nxd3 19.cxd3 e5 20.Rb3 Nd7 21.Nb5 Qc6 22.Nxd6
Qxd6 23.Rxb7 Qc6 24.Rb3 exf4 25.Bxf4 a4 26.Ra3 Qb6+ 27.Be3 Qxb2 28.Raa1 a3
29.Qf2 Qf6 30.Qxf6 Nxf6 31.Ra2 Red8 32.Bg5 Rxd3 33.Bxf6 Bxf6 34.Rxf6 Rxd2 
35.Rxd2 a2 36.Rf1 a1=Q 37.Rxa1 Rxa1+ 38.Kf2 Ra3 39.Rd7 Kg7 40.Rd6 Rb3 41.
Ra6 1/2-1/2

[Event "POL-ChT3"]
[Site "Lazy POL"]
[Date "2012.09.08"]
[Round "8"]
[White "Plichta, Kamil"]
[Black "Jurkiewicz, Krzysztof"]
[Result "0-1"]
[WhiteElo "2195"]
[BlackElo "2314"]
[EventDate "2012.09.01"]
[PlyCount "216"]

1.d4 Nf6 2.c4 e6 3.Nc3 Bb4 4.f3 Nh5 5.Nh3 f5 6.e4 c5 7.d5 fxe4 8.fxe4 Qh4+
9.Nf2 O-O 10.Be3 Qf6 11.Rc1 Nf4 12.g3 Ng6 13.Be2 d6 14.O-O Bxc3 15.Rxc3 
Qe7 16.e5 Nxe5 17.Ne4 Rxf1+ 18.Bxf1 Nf7 19.dxe6 Bxe6 20.Bf4 Nc6 21.Bxd6 
Nxd6 22.Qxd6 Qxd6 23.Nxd6 b6 24.Re3 Nd4 25.Nb5 Kf7 26.Nxd4 cxd4 27.Ra3 Kf6
28.Rf3+ Ke5 29.Bd3 g6 30.Kf2 b5 31.cxb5 Bxa2 32.Ke1 Rc8 33.Kd2 Bd5 34.Rf1 
Rc7 35.Re1+ Kd6 36.Ra1 Rf7 37.Ke2 Bf3+ 38.Kd2 Bd5 39.Ke2 Kc5 40.Ra4 Bg2 
41.Rc4+ Kd5 42.Rc1 Kd6 43.b4 Bf3+ 44.Kd2 Bd5 45.Ke2 Rc7 46.Ra1 Ke5 47.Kd2 
Rf7 48.Re1+ Kd6 49.Re8 Rf2+ 50.Re2 Rxe2+ 51.Bxe2 Be4 52.Bc4 h6 53.Be2 Kd5 
54.Bf1 g5 55.Be2 Bb1 56.h4 gxh4 57.gxh4 Ba2 58.Bh5 Ke4 59.Bg6+ Kf4 60.Bd3 
Kg3 61.Be2 Bb1 62.h5 Kf4 63.Bc4 Bf5 64.Bd5 Ke5 65.Bf3 Bh3 66.Bc6 Bf1 67.
Be8 Bc4 68.Bg6 Bxb5 69.Bf7 Kf6 70.Bd5 Be8 71.Bf3 Ke5 72.Bd1 Bd7 73.Bb3 Be8
74.Bd1 Bb5 75.Bb3 Ke4 76.Bc2+ d3 77.Bb3 Kd4 78.Bf7 Bc6 79.Bg6 Be4 80.Bf7 
Bf3 81.Bg6 Be2 82.Bf7 Bf1 83.Be6 Bg2 84.Bf7 Be4 85.Bg8 Bc6 86.Bf7 Bb5 87.
Bg6 Kc4 88.Bxd3+ Kxb4 89.Bg6 Kb3 90.Kc1 Kc3 91.Bf7 Bd3 92.Bg6 a6 93.Bf7 a5
94.Be8 Bc4 95.Kb1 Bb3 96.Bg6 a4 97.Be8 a3 98.Bg6 Kd4 99.Be8 Ke5 100.Bb5 
Bf7 101.Be2 Kf4 102.Ka1 Kg5 103.Bd1 Bxh5 104.Bb3 Bg6 105.Ka2 h5 106.Kxa3 
h4 107.Bd5 h3 108.Kb4 Kf4 0-1

[Event "POL-ChT3"]
[Site "Lazy POL"]
[Date "2012.09.08"]
[Round "8"]
[White "Zielinski, Maciej"]
[Black "Nguyen, Piotr"]
[Result "0-1"]
[WhiteElo "2073"]
[BlackElo "2382"]
[EventDate "2012.09.01"]
[PlyCount "74"]

1.e4 e6 2.d4 d5 3.Nd2 Nc6 4.Ngf3 Nf6 5.e5 Nd7 6.c3 f6 7.Bb5 fxe5 8.dxe5 a6
9.Bxc6 bxc6 10.Nb3 a5 11.Bg5 Be7 12.Nbd4 Nb8 13.Qd2 c5 14.Nb3 Nd7 15.Bxe7 
Qxe7 16.O-O O-O 17.Qg5 Qxg5 18.Nxg5 Ra6 19.Rfe1 Rb6 20.Rab1 Ba6 21.Nxa5 h6
22.Nf3 Bd3 23.Rbd1 Ra8 24.Rxd3 Rxa5 25.Rb1 Rxa2 26.Rd2 c4 27.Re2 Nc5 28.
Nd4 Na4 29.Rc1 c5 30.Nf3 Rbxb2 31.Rxb2 Nxb2 32.h4 Nd3 33.Rb1 Rxf2 34.Rb8+ 
Kh7 35.Re8 d4 36.h5 Rxf3 37.gxf3 dxc3 0-1

[Event "POL-ChT3"]
[Site "Lazy POL"]
[Date "2012.09.08"]
[Round "8"]
[White "Paterek, Michal"]
[Black "Zielinski, Stanislaw"]
[Result "1-0"]
[WhiteElo "2304"]
[BlackElo "2133"]
[EventDate "2012.09.01"]
[PlyCount "89"]

1.d4 Nf6 2.g3 g6 3.Bg2 Bg7 4.e4 d6 5.Ne2 O-O 6.h3 c5 7.c3 cxd4 8.cxd4 e5 
9.Nbc3 Nc6 10.d5 Nb8 11.O-O Nbd7 12.Be3 a5 13.a3 b6 14.f4 Ba6 15.f5 h6 16.
b4 Bc4 17.g4 Ne8 18.Qd2 g5 19.h4 f6 20.Rfb1 axb4 21.Rxb4 Bxe2 22.Qxe2 Nc7 
23.Bf1 Na6 24.Rb2 gxh4 25.Qf2 Nac5 26.Bb5 Kf7 27.Qxh4 Ke7 28.a4 Qe8 29.Bc6
Ra5 30.Rxb6 Nxb6 31.Bxe8 Rxe8 32.Qh5 Rf8 33.Qg6 Rf7 34.Nb5 Nc4 35.Bxc5 
dxc5 36.Kf2 Kf8 37.Qh5 Rb7 38.Qh1 h5 39.Qc1 Nb6 40.Qxc5+ Kg8 41.Qc6 Rb8 
42.Qc7 Raa8 43.Nd6 Nxa4 44.Qf7+ Kh7 45.Qxh5+ 1-0

[Event "POL-ChT3"]
[Site "Lazy POL"]
[Date "2012.09.08"]
[Round "8"]
[White "Zielinski, Wojciech"]
[Black "Skawinski, Arkadiusz"]
[Result "1-0"]
[WhiteElo "2097"]
[BlackElo "2309"]
[EventDate "2012.09.01"]
[PlyCount "119"]

1.e4 e6 2.d4 d5 3.Nd2 Nc6 4.Ngf3 Nf6 5.e5 Nd7 6.c3 f6 7.exf6 Qxf6 8.Bd3 
Bd6 9.Qc2 e5 10.dxe5 Ndxe5 11.O-O Bd7 12.Nxe5 Nxe5 13.f4 Bc5+ 14.Kh1 Ng4 
15.Nb3 Bb6 16.Qe2+ Kf8 17.f5 h5 18.Bf4 Bc6 19.Qd2 Re8 20.Bg5 Be3 21.Bxf6 
Bxd2 22.Bd4 Be3 23.Rae1 Kf7 24.Be2 Bg5 25.Bf3 Ne3 26.Rf2 Ng4 27.Rfe2 Rxe2 
28.Rxe2 Bf4 29.g3 Bd6 30.Kg2 Nf6 31.Bxf6 Kxf6 32.Nd4 Be5 33.h3 Bxd4 34.
cxd4 Kxf5 35.Re5+ Kf6 36.Bxh5 Rd8 37.g4 g6 38.g5+ Kf7 39.Bf3 b6 40.b4 Re8 
41.Rxe8 Kxe8 42.Kg3 Ke7 43.h4 Be8 44.Bxd5 Kd6 45.Bg8 c5 46.dxc5+ bxc5 47.
bxc5+ Kxc5 48.Kf4 Kd4 49.Be6 a5 50.Bb3 a4 51.Bg8 a3 52.Be6 Kc3 53.Ke5 Kb2 
54.Kf6 Ka1 55.Ke7 Ba4 56.h5 gxh5 57.g6 Bc2 58.g7 Bh7 59.Kf8 Kb2 60.Bf5 1-0

[Event "POL-ChT3"]
[Site "Lazy POL"]
[Date "2012.09.08"]
[Round "8"]
[White "Flak, Pawel"]
[Black "Kobus, Sebastian"]
[Result "0-1"]
[WhiteElo "2243"]
[BlackElo "2086"]
[EventDate "2012.09.01"]
[PlyCount "58"]

1.d4 d5 2.Nf3 Nf6 3.g3 Bf5 4.c4 c6 5.Nc3 e6 6.Qb3 Qb6 7.c5 Qxb3 8.axb3 
Nbd7 9.b4 Ne4 10.Nd2 Nxd2 11.Bxd2 Be7 12.f4 O-O 13.b5 f6 14.Bg2 e5 15.bxc6
bxc6 16.Nxd5 cxd5 17.Bxd5+ Kh8 18.Bxa8 Rxa8 19.fxe5 fxe5 20.O-O Be6 21.Ra6
Bc4 22.Ra4 Bb5 23.Ra5 a6 24.Rf7 Re8 25.e3 Kg8 26.Rf5 g6 27.Rf2 exd4 28.
exd4 Nxc5 29.Rf3 Ne4 {zapis nieczytelny} 0-1

[Event "POL-ChT3"]
[Site "Lazy POL"]
[Date "2012.09.08"]
[Round "8"]
[White "Jurkiewicz, Joanna"]
[Black "Leszner, Liliana"]
[Result "0-1"]
[WhiteElo "1814"]
[BlackElo "2068"]
[EventDate "2012.09.01"]
[PlyCount "82"]

1.e4 g6 2.d4 Bg7 3.Nf3 d6 4.Bc4 c6 5.a4 Nf6 6.Nc3 O-O 7.Bb3 a5 8.O-O Qc7 
9.h3 e5 10.dxe5 dxe5 11.Be3 Na6 12.Qe2 Qe7 13.Rfd1 Nc5 14.Nd2 Nh5 15.Qc4 
Ne6 16.Ne2 Nhf4 17.Ng3 h5 18.Nf3 h4 19.Ne2 b5 20.Qxc6 Nxe2+ 21.Kf1 Ra6 22.
Qxb5 N2d4 23.Nxd4 exd4 24.Bd2 Nc5 25.f3 Rf6 26.Kg1 Ba6 27.Qxa5 Nxb3 28.
cxb3 Qb7 29.b4 Be2 30.Rdc1 Rb6 31.Qg5 d3 32.Rab1 Rxb4 33.a5 Rxb2 34.Rxb2 
Qxb2 35.a6 Qb6+ 36.Kh2 Bf6 37.Qa5 Qxa5 38.Bxa5 Bg5 39.Rb1 d2 40.Bxd2 Bxd2 
41.a7 Bf4+ 0-1

[Event "POL-ChT3"]
[Site "Lazy POL"]
[Date "2012.09.08"]
[Round "8"]
[White "Butkiewicz, Lukasz"]
[Black "Kalinin, Oleg"]
[Result "1/2-1/2"]
[WhiteElo "2390"]
[BlackElo "2336"]
[EventDate "2012.09.01"]
[PlyCount "81"]

1.e4 c5 2.Nf3 e6 3.d4 cxd4 4.Nxd4 a6 5.Nc3 Qc7 6.Bd3 Nf6 7.O-O b5 8.Qe2 d6
9.Bd2 Nbd7 10.Kh1 Bb7 11.f4 Be7 12.Rae1 Qb6 13.Nb3 e5 14.a4 O-O 15.axb5 
axb5 16.Bxb5 exf4 17.Rxf4 Ba6 18.Bxa6 Qxa6 19.Qxa6 Rxa6 20.Nd4 Rc8 21.Rff1
g6 22.b4 Rc4 23.b5 Ra3 24.Nb3 Ra8 25.h3 Bd8 26.Ra1 Rac8 27.Ra6 Be7 28.Rf3 
Ne5 29.Re3 Rb8 30.Na5 Rcc8 31.b6 Nc4 32.Nxc4 Rxc4 33.Re1 Bd8 34.Rb1 Rc6 
35.Na4 Nxe4 36.Be3 Nc5 37.Bxc5 dxc5 38.c4 Kg7 39.Rb5 Rd6 40.Kh2 Rf6 41.
Rxc5 1/2-1/2

[Event "POL-ChT3"]
[Site "Lazy POL"]
[Date "2012.09.08"]
[Round "8"]
[White "Walach, Marcin"]
[Black "Lercel, Michal"]
[Result "1/2-1/2"]
[WhiteElo "2349"]
[BlackElo "2173"]
[EventDate "2012.09.01"]
[PlyCount "115"]

1.e4 e5 2.Nf3 Nc6 3.Bc4 Bc5 4.c3 Nf6 5.d4 exd4 6.e5 d5 7.Bb5 Ne4 8.cxd4 
Bb6 9.Nc3 O-O 10.Be3 f5 11.exf6 Nxf6 12.O-O Bg4 13.Be2 Qd6 14.Na4 Rae8 15.
Nxb6 axb6 16.Rc1 Nh5 17.Ne5 Bxe2 18.Qxe2 Nxe5 19.Qxh5 Nd3 20.Rc2 c6 21.b3 
Nf4 22.Qg4 Re6 23.g3 Ng6 24.h4 Re4 25.Qh3 h5 26.Re1 Rg4 27.Bg5 Rf3 28.Kh2 
Qf8 29.Qg2 Qf5 30.Re3 Rxe3 31.fxe3 Qe4 32.Qxe4 Rxe4 33.Kg2 Nf8 34.Kf3 Ne6 
35.Bf4 Kf7 36.Rc1 Nxf4 37.gxf4 Re8 38.a4 Ra8 39.Rg1 Kf6 40.Rg5 g6 41.f5 
gxf5 42.Kf4 Re8 43.Rxf5+ Kg6 44.Rg5+ Kh6 45.Re5 Rf8+ 46.Rf5 Re8 47.Rf7 
Re4+ 48.Kf3 Rxh4 49.Rxb7 Kg5 50.Rxb6 Rh3+ 51.Kf2 Kg4 52.Rxc6 Rh2+ 53.Kg1 
Rb2 54.Rg6+ Kf3 55.Rg5 Kxe3 56.Rxd5 Rxb3 57.Rxh5 Kxd4 58.Kf2 1/2-1/2

[Event "POL-ChT3"]
[Site "Lazy POL"]
[Date "2012.09.08"]
[Round "8"]
[White "Stepien, Marcin"]
[Black "Kornasiewicz, Stanislaw"]
[Result "1-0"]
[WhiteElo "2132"]
[BlackElo "2214"]
[EventDate "2012.09.01"]
[PlyCount "61"]

1.Nc3 d6 2.d4 g6 3.e4 Bg7 4.Nf3 c6 5.a4 a5 6.Bc4 Nf6 7.Bb3 O-O 8.h3 Na6 9.
O-O Nd7 10.Re1 h6 11.Be3 Kh7 12.e5 d5 13.Ne2 e6 14.c3 c5 15.Nf4 cxd4 16.
Bxd4 Nac5 17.Bc2 Ne4 18.Rxe4 dxe4 19.Bxe4 Rg8 20.h4 Bxe5 21.Nxe5 Nxe5 22.
Bxe5 Qxh4 23.Qd4 Rd8 24.Qe3 f5 25.Bf3 Qe7 26.Re1 Bd7 27.Bd4 Bxa4 28.Nd5 
Rxd5 29.Bxd5 Re8 30.Bxe6 Bc6 31.Bg8+ 1-0

[Event "POL-ChT3"]
[Site "Lazy POL"]
[Date "2012.09.08"]
[Round "8"]
[White "Osipow, Nikolaj"]
[Black "Zareba, Radoslaw"]
[Result "1-0"]
[WhiteElo "2179"]
[BlackElo "2049"]
[EventDate "2012.09.01"]
[PlyCount "75"]

1.c4 Nf6 2.Nc3 c5 3.g3 Nc6 4.Bg2 g6 5.d3 Bg7 6.a3 O-O 7.Rb1 d6 8.h3 e5 9.
b4 cxb4 10.axb4 Nh5 11.b5 Nd4 12.e3 Ne6 13.g4 Nf6 14.Nge2 Nd7 15.Ba3 Nf6 
16.Ng3 Ne8 17.h4 f5 18.gxf5 gxf5 19.Nh5 Bh6 20.Nd5 N8g7 21.f4 exf4 22.
Nhxf4 Nxf4 23.Nxf4 Re8 24.Bd5+ Kh8 25.Kf2 Qb6 26.Qf3 Qa5 27.Bb2 Qd2+ 28.
Qe2 Qxe2+ 29.Nxe2 Bxe3+ 30.Kf3 Bh6 31.Nf4 Rb8 32.Rhg1 b6 33.Nh5 Rb7 34.
Bxb7 Bxb7+ 35.Kf2 Be3+ 36.Kf1 Bxg1 37.Bxg7+ Kg8 38.Nf6+ 1-0

[Event "POL-ChT3"]
[Site "Lazy POL"]
[Date "2012.09.08"]
[Round "8"]
[White "Krokay, Urszula"]
[Black "Knopik, Krzysztof"]
[Result "0-1"]
[WhiteElo "1868"]
[BlackElo "2127"]
[EventDate "2012.09.01"]
[PlyCount "63"]

1.e4 e5 2.Nf3 Nc6 3.Bc4 Nf6 4.d3 Bc5 5.c3 d6 6.b4 Bb6 7.O-O h6 8.h3 O-O 9.
Re1 a5 10.b5 Ne7 11.a4 Ng6 12.d4 Re8 13.Nbd2 exd4 14.cxd4 d5 15.exd5 Rxe1+
16.Qxe1 Bf5 17.g4 Bc8 18.Ra3 Nf4 19.Ne5 N4xd5 20.Ndf3 Be6 21.g5 hxg5 22.
Nxg5 Bxd4 23.Nxe6 fxe6 24.Nf3 Bc5 25.Qxe6+ Kh8 26.Rd3 c6 27.bxc6 bxc6 28.
Qxc6 Rc8 29.Qb5 Qd6 30.Bg5 Qg3+ 31.Kh1 Bxf2 32.Qb2 0-1

[Event "POL-ChT3"]
[Site "Lazy POL"]
[Date "2012.09.08"]
[Round "8"]
[White "Gonsior, Monika"]
[Black "Zdziarska, Lidia"]
[Result "1-0"]
[WhiteElo "2028"]
[BlackElo "1928"]
[EventDate "2012.09.01"]
[PlyCount "69"]

1.e4 c5 2.Nf3 e6 3.d4 cxd4 4.Nxd4 Nc6 5.c3 Nf6 6.Bd3 d5 7.Nxc6 bxc6 8.Qa4 
Bd7 9.e5 c5 10.Qf4 Nh5 11.Qf3 g6 12.g4 Ng7 13.Qf6 Rg8 14.Nd2 Be7 15.Qf4 
Bg5 16.Qg3 h5 17.h3 Bxd2+ 18.Bxd2 c4 19.Bc2 Qb6 20.b3 cxb3 21.axb3 Bc6 22.
Be3 Qc7 23.Bd4 Rh8 24.Kd2 Qb7 25.f4 hxg4 26.hxg4 Rxh1 27.Rxh1 O-O-O 28.Rh7
Rg8 29.f5 a5 30.Qh3 gxf5 31.Rxg7 Rxg7 32.Qh8+ Be8 33.Qxe8+ Kc7 34.Qe7+ Kc6
35.Qd6+ 1-0